LDR 00728naa#a2200193#i#450# 001 EN\\bibl\19318 005 20260418165221.6 100 ## _a20260417b2026####ek#y0engy0150####ca 102 ## _aRU 200 1# _aSPORTSSTRESS, FITNESS, ENDURANCE _eConference article/thesis 210 1# _aVoronezh _cFSBE Institution of Higher Education Voronezh State University of Forestry and Technologies named after G.F. Morozov _d2026 215 ## _a5 с. 608 ## _aConference article/thesis _2local 675 ## _aПрочие вопросы организации и эксплуатации транспорта. 656.09 _z 700 #1 _aGorlov _gD. O. 700 #1 _aBurtsev _gD. S. 700 #1 _aBurtseva _gA. A. 700 #1 _aNovikov _gA. A. 856 4# _abibl.vgltu.ru _u